Toy Story (Record no. 15753)

MARC details
000 -LEADER
fixed length control field 01333nam a22002777a 4500
003 - CONTROL NUMBER IDENTIFIER
control field dpl
005 - DATE AND TIME OF LATEST TRANSACTION
control field 20080911114410.0
008 - FIXED-LENGTH DATA ELEMENTS--GENERAL INFORMATION
fixed length control field 080911t xxu||||| |||| 00| 0 eng d
010 ## - LIBRARY OF CONGRESS CONTROL NUMBER
LC control number DVD-000618
024 ## - OTHER STANDARD IDENTIFIER
Source of number or code A4258
Terms of availability 499.00
035 ## - SYSTEM CONTROL NUMBER
System control number DVD-000618
040 ## - CATALOGING SOURCE
Original cataloging agency DPL
Transcribing agency DPL
082 ## - DEWEY DECIMAL CLASSIFICATION NUMBER
Classification number DVD / TOYS
245 ## - TITLE STATEMENT
Title Toy Story
Statement of responsibility, etc Walt Disney Pictures Presents
Medium [videorecording] (DVD)/
247 ## - FORMER TITLE
Title 10th Anniversary Edition
260 ## - PUBLICATION, DISTRIBUTION, ETC. (IMPRINT)
Place of publication, distribution, etc Burbank, CA
Name of publisher, distributor, etc Walt Disney Home Entertainment
300 ## - PHYSICAL DESCRIPTION
Extent 1 videodiscs (80 min.):
Other physical details sd., col.;
Dimensions 4 3/4 in.
Type of unit DVD
440 ## - SERIES STATEMENT/ADDED ENTRY--TITLE
Title Walt Disney Home Entertainment
500 ## - GENERAL NOTE
General note Sole Distributor in India M/s Excel Productions Audio Visuals Pvt. Ltd.
538 ## - SYSTEM DETAILS NOTE
System details note Dolby Digital 5.1-English,Mandarin, Cantonese, Thai Subtitles-English, Chinese,Thai, Bahasa
538 ## - SYSTEM DETAILS NOTE
System details note Aspect Ratio:1.78.1, Presentation Type: Wide Screen, Presentation Size 16x9, Formation: DVD 9- Dual Layer Single sided Disc,
650 ## - SUBJECT ADDED ENTRY--TOPICAL TERM
Source of heading or term Animated Movie
942 ## - ADDED ENTRY ELEMENTS (KOHA)
Source of classification or shelving scheme Dewey Decimal Classification
Koha item type CD-ROMs, DVDs, VHS
Classification part DVD
Call number suffix TOYS
Holdings
Withdrawn status Lost status Source of classification or shelving scheme Damaged status Not for loan Home library Current library Date acquired Source of acquisition Cost, normal purchase price Total Checkouts Full call number Barcode Date last seen Date checked out Copy number Cost, replacement price Price effective from Koha item type
    Dewey Decimal Classification     Central Library Central Library 26/09/2008 Purchase 499.00 18 DVD TOYS DVD-000618 03/10/2013 03/04/2012 1 499.00 26/09/2008 CD-ROMs, DVDs, VHS

© Delhi Public Library
Hit Counter
free hit counter